Statistics for First Names of Scientists

Click here to take the quiz!

General Stats

  • This quiz has been taken 47,985 times
  • The average score is 10 of 18

Answer Stats

First NameLast Name% Correct
AlbertEinstein
99%
IsaacNewton
96%
CharlesDarwin
94%
StephenHawking
92%
MarieCurie
89%
GalileoGalilei
79%
LouisPasteur
69%
NicolausCopernicus
52%
NielsBohr
51%
PierreCurie
40%
MaxPlanck
38%
GregorMendel
37%
RichardFeynman
32%
EnricoFermi
27%
TychoBrahe
24%
LinusPauling
21%
FrancisCrick
19%
WernerHeisenberg
15%

Score Distribution

Percentile by Number Answered

Percent of People with Each Score

Your Score History

You have not taken this quiz